[Event "Chennai op 2nd"]
[Site "Chennai"]
[Date "2010.01.28"]
[Round "5"]
[White "Rathod, Gopal Ashok"]
[Black "Matta, Vinay Kumar"]
[Result "1-0"]
[WhiteElo "2096"]
[BlackElo "2283"]
[PlyCount "91"]
[EventDate "2010.01.25"]
[EventType "swiss"]
[EventRounds "11"]
[EventCountry "IND"]
[SourceTitle "CBM 134 Extra"]
[Source "ChessBase"]
[SourceDate "2010.03.03"]
[SourceVersion "1"]
[SourceVersionDate "2010.03.03"]
[SourceQuality "1"]

1. e4 e5 2. Nf3 Nc6 3. Nc3 Nf6 4. Bb5 Nd4 5. 0-0 Bc5 6. Nxe5 0-0 7. Bd3 d6 8. Nf3 Bg4 9. Be2 Nxe2+ 10. Qxe2 Re8 11. d3 Nd7 12. h3 Bh5 13. g4 Bg6 14. Be3 c6 15. Qd2 Bb4 16. a3 Ba5 17. b4 Bc7 18. Nd4 h5 19. Bg5 f6 20. Bf4 Ne5 21. Bxe5 fxe5 22. Nf5 hxg4 23. hxg4 Bxf5 24. gxf5 Qh4 25. Ne2 Kf7 26. Kg2 a5 27. Rh1 Qg4+ 28. Ng3 axb4 29. Qxb4 b5 30. Qb3+ Kf6 31. a4 bxa4 32. Rxa4 Rab8 33. Qc4 Bb6 34. Qxc6 Bc5 35. Rc4 Rbc8 36. Qd5 Rcd8 37. Rxc5 dxc5 38. Qc6+ Kf7 39. Qxc5 Rc8 40. Qd5+ Kf6 41. Qd6+ Kf7 42. Qd7+ Kf6 43. Ra1 Kg5 44. Qxg7+ Kf4 45. Qh6+ Qg5 46. Qb6 1-0

[Event "New Delhi Parsvnath op 8th"]
[Site "New Delhi"]
[Date "2010.01.17"]
[Round "6"]
[White "Shivananda, BS."]
[Black "Rathod, Gopal Ashok"]
[Result "1-0"]
[WhiteElo "2396"]
[BlackElo "2096"]
[PlyCount "66"]
[EventDate "2010.01.14"]
[EventType "swiss"]
[EventRounds "11"]
[EventCountry "IND"]
[SourceTitle "CBM 134 Extra"]
[Source "ChessBase"]
[SourceDate "2010.03.03"]
[SourceVersion "1"]
[SourceVersionDate "2010.03.03"]
[SourceQuality "1"]

1. e4 e6 2. b3 b6 3. Bb2 Bb7 4. Nc3 d5 5. exd5 exd5 6. Nf3 Nf6 7. Bb5+ c6 8. Bd3 Bd6 9. 0-0 0-0 10. Re1 Nbd7 11. Bf5 Qc7 12. d4 Rfe8 13. Qd3 a5 14. g3 g6 15. Bh3 Bb4 16. Ne5 Rxe5 17. dxe5 Nxe5 18. Rxe5 Qxe5 19. Na4 Qe7 20. Nxb6 Re8 21. Na4 Bd6 22. Qd4 Kg7 23. Rd1 h5 24. Bc3 Bb4 25. Bb2 Bd6 26. Ba1 Bc8 27. Bxc8 Rxc8 28. c4 Bb4 29. c5 Ba3 30. Bc3 Bb4 31. Bb2 Rb8 32. a3 Bxa3 33. Bxa3 Rxb3 1-0

[Event "Mumbai Mayors Cup 1st"]
[Site "Mumbai"]
[Date "2008.05.12"]
[Round "2"]
[White "Rathod, Gopal Ashok"]
[Black "Laxman, Rajaram"]
[Result "0-1"]
[WhiteElo "2124"]
[BlackElo "2488"]
[PlyCount "76"]
[EventDate "2008.05.11"]
[EventType "swiss"]
[EventRounds "11"]
[EventCountry "IND"]
[SourceTitle "CBM 124 Extra"]
[Source "ChessBase"]
[SourceDate "2008.07.03"]
[SourceVersion "1"]
[SourceVersionDate "2008.07.03"]
[SourceQuality "1"]

1. e4 e5 2. Nf3 Nc6 3. Nc3 Nf6 4. Bb5 Bb4 5. 0-0 0-0 6. d3 d6 7. Bg5 Bxc3 8. bxc3 Bd7 9. d4 h6 10. Bh4 Qe7 11. d5 Nb8 12. Bd3 Bg4 13. h3 Bxf3 14. Qxf3 Nbd7 15. g4 g5 16. Bg3 Kg7 17. Kg2 Rh8 18. Qe3 Nf8 19. f3 Ng6 20. Bb5 Nf4+ 21. Bxf4 gxf4 22. Qf2 a6 23. Ba4 b5 24. Bb3 Nd7 25. a4 Nc5 26. h4 bxa4 27. Bxa4 Rab8 28. Bb3 h5 29. g5 f6 30. Bc4 fxg5 31. hxg5 h4 32. Kh2 Qxg5 33. Rg1 Qg3+ 34. Kh1 Kf6 35. Qf1 Rbg8 36. Rxg3 hxg3+ 37. Kg1 Rh2 38. Qg2 Rgh8 0-1